[Event "Mittelfrank Regionalliga Nord-West 2122"]
[Site "Mittelfranken"]
[Date "2022.05.29"]
[Round "9.5"]
[White "Lechleitner, Walter"]
[Black "Lechner, Alexander"]
[Result "1/2-1/2"]
[WhiteElo "1918"]
[BlackElo "1864"]
[PlyCount "54"]
[EventDate "2021.10.24"]
[EventType "team-tourn"]
[EventRounds "9"]
[EventCountry "GER"]
[SourceTitle "EXT 2024"]
[Source "ChessBase"]
[SourceDate "2023.10.10"]
[SourceVersion "1"]
[SourceVersionDate "2023.10.10"]
[SourceQuality "1"]
[WhiteTeam "Kronach"]
[BlackTeam "Bamberg II"]
[WhiteTeamCountry "GER"]
[BlackTeamCountry "GER"]

1. d4 Nf6 2. c4 g6 3. Nc3 d5 4. Nf3 Bg7 5. Bf4 c6 6. e3 0-0 7. Be2 Qb6 8. Qb3 dxc4 9. Bxc4 Nbd7 10. 0-0 h6 11. Qc2 Kh7 12. h4 Qa5 13. e4 Nh5 14. Be3 e5 15. d5 Nb6 16. Bb3 f5 17. dxc6 bxc6 18. Na4 Ba6 19. Rfe1 Nxa4 20. Bxa4 Bb5 21. Bb3 Qa6 22. exf5 gxf5 23. Rad1 e4 24. Nd4 Bd3 25. Qc5 Qb6 26. Nxc6 Qxc5 27. Bxc5 Rfc8 1/2-1/2

[Event "Mittelfrank Regionalliga Nord-West 2122"]
[Site "Mittelfranken"]
[Date "2022.05.08"]
[Round "8.5"]
[White "Schmitt, Guenter"]
[Black "Lechleitner, Walter"]
[Result "1/2-1/2"]
[WhiteElo "1961"]
[BlackElo "1918"]
[PlyCount "53"]
[EventDate "2021.10.24"]
[EventType "team-tourn"]
[EventRounds "9"]
[EventCountry "GER"]
[SourceTitle "EXT 2024"]
[Source "ChessBase"]
[SourceDate "2023.10.10"]
[SourceVersion "1"]
[SourceVersionDate "2023.10.10"]
[SourceQuality "1"]
[WhiteTeam "Rottendorf"]
[BlackTeam "Kronach"]
[WhiteTeamCountry "GER"]
[BlackTeamCountry "GER"]

1. Nf3 d5 2. g3 c6 3. Bg2 Nf6 4. d3 Nbd7 5. Nbd2 e5 6. e4 Bc5 7. 0-0 0-0 8. h3 Re8 9. Qe2 a5 10. a4 b6 11. Re1 Ba6 12. Nh4 Qc7 13. g4 g6 14. Bf3 dxe4 15. Nxe4 Nxe4 16. Qxe4 Bb7 17. g5 Bd6 18. Bd2 Nc5 19. Qg4 Ne6 20. c3 Rad8 21. Be3 Be7 22. Be4 c5 23. Nf3 Bxe4 24. Qxe4 f5 25. gxf6 Bxf6 26. Qc4 Kg7 27. Rad1 1/2-1/2

[Event "Regionalliga Nord-West 1819"]
[Site "Bayern"]
[Date "2018.12.16"]
[Round "4.5"]
[White "Lechleitner, Walter"]
[Black "Moenius, Alexander"]
[Result "0-1"]
[WhiteElo "1913"]
[BlackElo "1942"]
[PlyCount "72"]
[EventDate "2018.10.21"]
[EventType "team-tourn"]
[EventRounds "9"]
[EventCountry "GER"]
[SourceTitle "EXT 2022"]
[Source "ChessBase"]
[SourceDate "2021.10.06"]
[SourceVersion "1"]
[SourceVersionDate "2021.10.06"]
[SourceQuality "1"]
[WhiteTeam "Kronach"]
[BlackTeam "Hoechstadt/Aisch"]
[WhiteTeamCountry "GER"]
[BlackTeamCountry "GER"]

1. d4 Nf6 2. c4 e6 3. Nc3 Bb4 4. e3 0-0 5. Bd3 d5 6. Nge2 c5 7. 0-0 b6 8. cxd5 exd5 9. dxc5 Bxc5 10. Qa4 Ng4 11. Nxd5 Qxd5 12. Be4 Qd6 13. Ng3 Bd7 14. Qc2 Nc6 15. Rd1 Qe7 16. Bxh7+ Kh8 17. Rxd7 Qxd7 18. Bf5 Nxe3 19. Bxe3 Nd4 20. Bxd4 Qxd4 21. Rd1 Qe5 22. b4 Bxb4 23. Qc4 Be7 24. Be4 Rad8 25. Re1 g6 26. Kf1 Qf6 27. Qc7 Bc5 28. Bf3 Bd6 29. Qxa7 Bxg3 30. hxg3 Rd2 31. Qa3 Kg7 32. Qe3 Rxa2 33. g4 Rd8 34. Be2 Rdd2 35. g5 Qb2 36. Qh3 Rxe2 0-1

[Event "Regionalliga Nord-West 1718"]
[Site "Bayern"]
[Date "2017.11.26"]
[Round "3.6"]
[White "Lechleitner, Walter"]
[Black "Moenius, Alexander"]
[Result "0-1"]
[WhiteElo "1878"]
[BlackElo "1899"]
[PlyCount "70"]
[EventDate "2017.10.22"]
[EventType "team-tourn"]
[EventRounds "9"]
[EventCountry "GER"]
[SourceTitle "EXT 2022"]
[Source "ChessBase"]
[SourceDate "2021.10.06"]
[SourceVersion "1"]
[SourceVersionDate "2021.10.06"]
[SourceQuality "1"]
[WhiteTeam "Kronach"]
[BlackTeam "Hoechstadt/Aisch"]
[WhiteTeamCountry "GER"]
[BlackTeamCountry "GER"]

1. d4 Nf6 2. c4 e5 3. dxe5 Ng4 4. Bf4 g5 5. Bg3 Bg7 6. h4 Nxe5 7. hxg5 Nxc4 8. Nc3 Qxg5 9. Qc2 Qg6 10. e4 Ne3 11. Qd2 Nxf1 12. Kxf1 d6 13. Nd5 Na6 14. Nf3 Be6 15. Re1 Bxd5 16. exd5+ Kf8 17. Qe2 Bf6 18. Bf4 h5 19. Nh4 Qg4 20. g3 Qxe2+ 21. Rxe2 Re8 22. Rc2 Re4 23. Nf5 h4 24. f3 Rb4 25. Rxc7 Nxc7 26. Bxd6+ Kg8 27. Bxb4 Nxd5 28. Bd2 hxg3 29. Nh6+ Kf8 30. Kg2 Be5 31. Rc1 Kg7 32. Nf5+ Kf6 33. Nh6 Kg6 34. Rb1 Bf4 35. Bxf4 Nxf4+ 0-1

[Event "Regionalliga NW 1415"]
[Site "Bayern"]
[Date "2015.03.15"]
[Round "8.7"]
[White "Hasenstab, Armin"]
[Black "Lechleitner, Walter"]
[Result "1-0"]
[WhiteElo "1818"]
[BlackElo "1845"]
[PlyCount "53"]
[EventDate "2014.10.19"]
[EventType "team-tourn"]
[EventRounds "9"]
[EventCountry "GER"]
[SourceTitle "EXT 2018"]
[Source "ChessBase"]
[SourceDate "2017.10.13"]
[SourceVersion "1"]
[SourceVersionDate "2017.10.13"]
[SourceQuality "1"]
[WhiteTeam "Aschaffenburg Schweinheim"]
[BlackTeam "Kronach"]
[WhiteTeamCountry "GER"]
[BlackTeamCountry "GER"]

1. d4 e6 2. c4 Nf6 3. Nc3 Bb4 4. Qc2 Nc6 5. Nf3 d5 6. Bg5 h6 7. Bxf6 Qxf6 8. e3 0-0 9. Rc1 Re8 10. Be2 Ne7 11. 0-0 Bxc3 12. Qxc3 c6 13. Bd3 Ng6 14. Qc2 Nf8 15. Ne5 c5 16. Qa4 Rd8 17. cxd5 cxd4 18. exd4 Nd7 19. dxe6 Nxe5 20. dxe5 Qxe6 21. Qe4 g6 22. Rc7 Qb6 23. Rfc1 Bf5 24. Qc4 Be6 25. Qc2 Rac8 26. Rc3 Bxa2 27. Rxc8 1-0

[Event "Regionalliga NW 1314"]
[Site "Bayern"]
[Date "2014.02.09"]
[Round "6.7"]
[White "Lechleitner, Walter"]
[Black "Lautenschlager, Gert"]
[Result "1/2-1/2"]
[WhiteElo "1885"]
[BlackElo "1868"]
[PlyCount "36"]
[EventDate "2013.10.13"]
[EventType "team-tourn"]
[EventRounds "9"]
[EventCountry "GER"]
[SourceTitle "EXT 2015"]
[Source "ChessBase"]
[SourceDate "2014.11.20"]
[SourceVersion "1"]
[SourceVersionDate "2014.11.20"]
[SourceQuality "1"]
[WhiteTeam "Kronach"]
[BlackTeam "Wuerzburg II"]
[WhiteTeamCountry "GER"]
[BlackTeamCountry "GER"]

1. d4 Nf6 2. Nf3 g6 3. Nc3 d5 4. Bf4 Bg7 5. e3 Bf5 6. Bd3 Bxd3 7. Qxd3 c6 8. 0-0-0 b5 9. Ne5 Qa5 10. a3 b4 11. axb4 Qxb4 12. f3 a5 13. Kd2 Nfd7 14. Ra1 Nxe5 15. Bxe5 Bxe5 16. dxe5 e6 17. Ra4 Qb7 18. Rha1 0-0 1/2-1/2

[Event "Regionalliga NW 1314"]
[Site "Bayern"]
[Date "2013.12.15"]
[Round "4.6"]
[White "Schmitz, Wolfgang"]
[Black "Lechleitner, Walter"]
[Result "1-0"]
[WhiteElo "1849"]
[BlackElo "1885"]
[PlyCount "61"]
[EventDate "2013.10.13"]
[EventType "team-tourn"]
[EventRounds "9"]
[EventCountry "GER"]
[SourceTitle "EXT 2015"]
[Source "ChessBase"]
[SourceDate "2014.11.20"]
[SourceVersion "1"]
[SourceVersionDate "2014.11.20"]
[SourceQuality "1"]
[WhiteTeam "Prichsenstadt"]
[BlackTeam "Kronach"]
[WhiteTeamCountry "GER"]
[BlackTeamCountry "GER"]

1. e4 e6 2. d4 d5 3. Nc3 Nf6 4. e5 Nfd7 5. Nce2 c5 6. c3 Nc6 7. Be3 cxd4 8. cxd4 Be7 9. f4 Qb6 10. b3 0-0 11. Nf3 f6 12. Kf2 fxe5 13. dxe5 Nc5 14. Nc3 Qb4 15. Rc1 Rxf4 16. Bxf4 Qxf4 17. g3 Qf5 18. Kg2 Bd7 19. Be2 Nxe5 20. Nxe5 Qxe5 21. b4 Ne4 22. Nxe4 Qxe4+ 23. Bf3 Qe5 24. Re1 Qd6 25. Rc5 b6 26. Rxd5 exd5 27. Bxd5+ Kh8 28. Bxa8 Bc6+ 29. Bxc6 Qxc6+ 30. Qf3 Qxf3+ 31. Kxf3 1-0

[Event "Regionalliga NW 1112"]
[Site "Bayern"]
[Date "2011.10.02"]
[Round "1.6"]
[White "Lechleitner, Walter"]
[Black "Stumpf, Hilmar"]
[Result "1-0"]
[WhiteElo "1950"]
[BlackElo "1822"]
[PlyCount "71"]
[EventDate "2011.10.02"]
[EventType "team-tourn"]
[EventRounds "9"]
[EventCountry "GER"]
[SourceTitle "EXT 2013"]
[Source "ChessBase"]
[SourceDate "2012.11.22"]
[SourceVersion "1"]
[SourceVersionDate "2012.11.22"]
[SourceQuality "1"]
[WhiteTeam "Kronach"]
[BlackTeam "Nordhalben"]
[WhiteTeamCountry "GER"]
[BlackTeamCountry "GER"]

1. d4 g6 2. e4 d6 3. Nc3 Bg7 4. f4 c6 5. Nf3 Bg4 6. Be3 Qb6 7. Qd3 Bxf3 8. gxf3 Qc7 9. Bh3 Nd7 10. 0-0-0 e6 11. f5 exf5 12. exf5 0-0-0 13. Kb1 Kb8 14. Bf4 Ndf6 15. Ne4 Nxe4 16. fxe4 Ne7 17. fxg6 hxg6 18. Rhf1 f6 19. Be6 Ka8 20. Qa3 Rh4 21. Qd3 Rhh8 22. Bg3 Qa5 23. Rf3 Rh5 24. Qa3 Qc7 25. Rfd3 Rg5 26. Qc3 Rh5 27. Bg4 Rhh8 28. Qa3 f5 29. exf5 gxf5 30. Bf3 Ng6 31. Rg1 Qe7 32. Qa5 f4 33. Bf2 Rxh2 34. Re1 Qf8 35. Ra3 a6 36. Bxc6 1-0

[Event "Regionalliga NW 1011"]
[Site "Bayern"]
[Date "2011.04.10"]
[Round "9.4"]
[White "Lechleitner, Walter"]
[Black "Federschmidt, Ralf"]
[Result "1/2-1/2"]
[WhiteElo "2006"]
[BlackElo "1905"]
[PlyCount "20"]
[EventDate "2010.10.10"]
[EventType "team-tourn"]
[EventRounds "9"]
[EventCountry "GER"]
[SourceTitle "EXT 2012"]
[Source "ChessBase"]
[SourceDate "2011.11.24"]
[SourceVersion "1"]
[SourceVersionDate "2011.11.24"]
[SourceQuality "1"]
[WhiteTeam "Kronach"]
[BlackTeam "Bad Neustadt"]
[WhiteTeamCountry "GER"]
[BlackTeamCountry "GER"]

1. d4 d5 2. Nf3 Nf6 3. c4 e6 4. Nc3 Be7 5. Bg5 0-0 6. e3 Nbd7 7. Rc1 b6 8. cxd5 exd5 9. Bd3 Bb7 10. 0-0 Rc8 1/2-1/2

[Event "Regionalliga NW 1011"]
[Site "Bayern"]
[Date "2011.02.27"]
[Round "7.5"]
[White "Lechleitner, Walter"]
[Black "Lindner, Marco"]
[Result "0-1"]
[WhiteElo "2006"]
[BlackElo "1946"]
[PlyCount "52"]
[EventDate "2010.10.10"]
[EventType "team-tourn"]
[EventRounds "9"]
[EventCountry "GER"]
[SourceTitle "EXT 2012"]
[Source "ChessBase"]
[SourceDate "2011.11.24"]
[SourceVersion "1"]
[SourceVersionDate "2011.11.24"]
[SourceQuality "1"]
[WhiteTeam "Kronach"]
[BlackTeam "Mainaschaff"]
[WhiteTeamCountry "GER"]
[BlackTeamCountry "GER"]

1. Nf3 d5 2. d4 Nf6 3. c4 c6 4. cxd5 cxd5 5. Nc3 Nc6 6. e3 e6 7. Bd3 Be7 8. 0-0 0-0 9. Bd2 Bd7 10. Rc1 Rc8 11. Qe2 Ne8 12. e4 dxe4 13. Bxe4 Nf6 14. Bb1 Qb6 15. Bg5 Rfd8 16. d5 Nb4 17. Ne5 Be8 18. dxe6 Qxe6 19. Rfe1 Nbd5 20. Qf3 Nxc3 21. Bf5 Ne2+ 22. Kf1 Qxe5 23. Rxc8 Rxc8 24. Bxf6 Bxf6 25. Bxc8 Bb5 26. Qe3 Qxh2 0-1

[Event "Regionalliga NW 0809"]
[Site "Bayern"]
[Date "2009.01.18"]
[Round "5.4"]
[White "Lechleitner, Walter"]
[Black "Weinberg, Wladimir"]
[Result "1/2-1/2"]
[WhiteElo "2002"]
[BlackElo "1923"]
[PlyCount "80"]
[EventDate "2008.10.05"]
[EventType "team-tourn"]
[EventRounds "9"]
[EventCountry "GER"]
[SourceTitle "EXT 2020"]
[Source "ChessBase"]
[SourceDate "2019.10.17"]
[SourceVersion "1"]
[SourceVersionDate "2019.10.17"]
[SourceQuality "1"]
[WhiteTeam "Kronach"]
[BlackTeam "Bamberg SC II"]
[WhiteTeamCountry "GER"]
[BlackTeamCountry "GER"]

1. d4 Nf6 2. c4 g6 3. Nc3 Bg7 4. e4 d6 5. Be2 0-0 6. Bg5 a6 7. Qd2 c6 8. a4 a5 9. h3 Nbd7 10. Nf3 Qc7 11. 0-0 e5 12. dxe5 dxe5 13. Be3 Re8 14. Rfd1 Nf8 15. Qd6 Qxd6 16. Rxd6 Nh5 17. Rad1 Ne6 18. g3 Bf8 19. R6d2 Bc5 20. Bxc5 Nxc5 21. Rd8 Bxh3 22. Rxa8 Rxa8 23. Nxe5 Nf6 24. f3 Re8 25. Nd3 Nxd3 26. Rxd3 Be6 27. Rd4 Nd7 28. f4 f6 29. g4 Nc5 30. Bd1 Kf7 31. Kf2 Bc8 32. Kf3 Ne6 33. Rd6 Nc5 34. Bc2 Kg7 35. Nd1 Kf7 36. Nf2 Ke7 37. Rd1 Rd8 38. Nd3 Nxd3 39. Bxd3 Be6 40. b3 c5 1/2-1/2

[Event "Regionalliga NW 0708"]
[Site "Bayern"]
[Date "2008.04.06"]
[Round "8.4"]
[White "Pesch, Werner"]
[Black "Lechleitner, Walter"]
[Result "1-0"]
[WhiteElo "2162"]
[BlackElo "2019"]
[PlyCount "67"]
[EventDate "2007.10.21"]
[EventType "team-tourn"]
[EventRounds "9"]
[EventCountry "GER"]
[SourceTitle "EXT 2009"]
[Source "ChessBase"]
[SourceDate "2008.11.26"]
[SourceVersion "1"]
[SourceVersionDate "2008.11.26"]
[SourceQuality "1"]
[WhiteTeam "Bindlach III"]
[BlackTeam "Kronach"]
[WhiteTeamCountry "GER"]
[BlackTeamCountry "GER"]

1. Nf3 Nf6 2. g3 c5 3. Bg2 Nc6 4. 0-0 d5 5. d4 cxd4 6. Nxd4 e5 7. Nxc6 bxc6 8. c4 Bb7 9. Qa4 Nd7 10. cxd5 Nb6 11. Qe4 Qxd5 12. Qf5 Qd6 13. Nc3 g6 14. Qc2 Bg7 15. Ne4 Qe7 16. Bg5 f6 17. Be3 0-0-0 18. a4 Kb8 19. a5 Nd5 20. Bc5 Qc7 21. a6 Bc8 22. Rfc1 f5 23. Nc3 Nxc3 24. Qxc3 e4 25. Qc4 Rd5 26. Be3 Bd7 27. f3 Re8 28. fxe4 Rb5 29. Qxb5+ cxb5 30. Rxc7 Kxc7 31. Bxa7 fxe4 32. Rc1+ Bc6 33. b4 Ra8 34. Rxc6+ 1-0

[Event "Regionalliga NW 0708"]
[Site "Bayern"]
[Date "2008.02.17"]
[Round "6.4"]
[White "Kwossek, Georg"]
[Black "Lechleitner, Walter"]
[Result "0-1"]
[WhiteElo "1993"]
[BlackElo "2019"]
[PlyCount "54"]
[EventDate "2007.10.21"]
[EventType "team-tourn"]
[EventRounds "9"]
[EventCountry "GER"]
[SourceTitle "EXT 2009"]
[Source "ChessBase"]
[SourceDate "2008.11.26"]
[SourceVersion "1"]
[SourceVersionDate "2008.11.26"]
[SourceQuality "1"]
[WhiteTeam "Kitzingen"]
[BlackTeam "Kronach"]
[WhiteTeamCountry "GER"]
[BlackTeamCountry "GER"]

1. d4 Nf6 2. c4 e6 3. Nc3 Bb4 4. Qc2 c5 5. dxc5 Qa5 6. Bd2 Nc6 7. Nf3 0-0 8. e3 Qxc5 9. a3 Bxc3 10. Bxc3 Qe7 11. Ng5 e5 12. 0-0-0 h6 13. h4 d6 14. Bd3 Rd8 15. g4 Nxg4 16. Bh7+ Kf8 17. Bf5 hxg5 18. Bxc8 Raxc8 19. Rdg1 Qe6 20. hxg5 e4 21. f4 Nxe3 22. Qh2 Nf5 23. Bxg7+ Kxg7 24. Qh7+ Kf8 25. g6 Ke7 26. gxf7 Qxf7 27. Qh3 Ncd4 0-1

[Event "Regionalliga NW 0708"]
[Site "Bayern"]
[Date "2007.12.09"]
[Round "4.4"]
[White "Wambach, Juergen"]
[Black "Lechleitner, Walter"]
[Result "1-0"]
[WhiteElo "2001"]
[BlackElo "2019"]
[PlyCount "69"]
[EventDate "2007.10.21"]
[EventType "team-tourn"]
[EventRounds "9"]
[EventCountry "GER"]
[SourceTitle "EXT 2009"]
[Source "ChessBase"]
[SourceDate "2008.11.26"]
[SourceVersion "1"]
[SourceVersionDate "2008.11.26"]
[SourceQuality "1"]
[WhiteTeam "Klingenberg"]
[BlackTeam "Kronach"]
[WhiteTeamCountry "GER"]
[BlackTeamCountry "GER"]

1. e4 e6 2. d3 d5 3. Nd2 Nf6 4. g3 dxe4 5. dxe4 Bc5 6. Bg2 Nc6 7. Ngf3 0-0 8. 0-0 e5 9. h3 Qe7 10. c3 a5 11. Re1 Rd8 12. Qa4 Bd7 13. Qc2 a4 14. Nc4 b5 15. Ne3 Bxe3 16. Bxe3 Na5 17. Nh4 Nc4 18. Nf5 Bxf5 19. exf5 Nxe3 20. Rxe3 Ra6 21. Rae1 Nd7 22. Qd3 Qf6 23. Qxb5 Rb6 24. Qc4 Rc8 25. Qxa4 Qxf5 26. b4 Qe6 27. Rd1 Nf6 28. Qa5 e4 29. Qc5 Rc6 30. Qb5 Rc4 31. a4 c5 32. Bf1 cxb4 33. Bxc4 Qxh3 34. Bf1 Qg4 35. Be2 1-0